[Event "RUS-ch 53rd"]
[Site "Samara"]
[Date "2000.06.17"]
[Round "1"]
[White "Bezgodov, Alexei"]
[Black "Bocharov, Dmitry"]
[Result "1-0"]
[WhiteElo "2576"]
[BlackElo "2475"]
[Annotator "Ftacnik,L"]
[PlyCount "75"]
[EventDate "2000.06.03"]
[EventType "swiss"]
[EventRounds "11"]
[EventCountry "RUS"]
[SourceTitle "CBM 078"]
[Source "ChessBase"]
[SourceDate "2000.10.18"]
[SourceVersion "1"]
[SourceVersionDate "2000.10.18"]
[SourceQuality "1"]

1. e4 c5 2. Nf3 Nc6 3. d4 cxd4 4. Nxd4 e6 5. Nc3 a6 6. Be2 Qc7 7. O-O Nf6 8.
Be3 Be7 9. f4 d6 10. Qe1 O-O 11. Qg3 Nxd4 12. Bxd4 b5 13. a3 Bb7 14. Rae1 Rad8
15. Kh1 Bc6 16. Bf3 Qb7 17. Nd1 g6 18. Nf2 $1 {The knight manouver from c3 to
the king side is dangerous for black, especially since he is under serious
pressure along the a1-h8 diagonal.} Rfe8 19. c3 Nd7 (19... a5 $5) 20. Ng4 Bf8 (
20... d5 21. Nh6+ Kf8 22. f5 $1 $18) 21. f5 e5 (21... exf5 $2 22. exf5 Rxe1 23.
Qxe1 $16) 22. Be3 f6 (22... d5 $2 23. exd5 Bxd5 24. Bg5 $16) 23. Nh6+ (23. fxg6
hxg6 24. Nf2 Kf7 $13) 23... Bxh6 (23... Kg7 $2 24. fxg6 hxg6 25. Bh5 $1 Bxe4
26. Nf5+ Bxf5 27. Rxf5 g5 28. Rxg5+ fxg5 29. Qxg5+ Kh8 30. Bf7 $18) 24. Bxh6
Kf7 (24... g5 25. h4 $18) 25. Qh4 Rg8 (25... Rh8 26. Rd1 $14) 26. Be3 Rg7 27.
Bh6 Rgg8 28. Rd1 Ke7 29. Bg5 $1 {[%mdl 128] Bezgodov uses lot of phantasy in
his quest to break the neck of black's defensive set up. The defender must pay
with extreme caution and precision.} Rg7 $2 (29... fxg5 30. Qxh7+ Kf8 31. Rxd6
Rg7 32. Qh8+ Rg8 33. Qh6+ Ke7 34. Re6+ Kf7 35. Bg4 $18) (29... Rh8 $1 30. Be3
Rdg8 31. Rd2 g5 32. Qh5 Bxe4 33. Rfd1 Bxf3 34. Qxf3 Qxf3 35. gxf3 $14) 30. fxg6
hxg6 (30... fxg5 31. Qh6 $1 Kf8 (31... Rxg6 32. Qxh7+ Kf6 33. Rxd6#) 32. gxh7
$18) 31. Bg4 $1 {The aggression is obviously succeeding, white bishops have
found useful diagonals.} Rf7 (31... fxg5 32. Qxg5+ Ke8 33. Rxd6 $18) (31... Rf8
32. Bxd7 Kxd7 33. Rxf6 Rxf6 34. Bxf6 $18) 32. Bxd7 Kxd7 (32... Rxd7 33. Bxf6+
Ke8 34. Bg7 Rde7 35. Qh8+ Kd7 36. Rxf7 Rxf7 37. Bxe5 $18) 33. Rxf6 Rxf6 34.
Bxf6 Rf8 35. Bxe5 Bxe4 36. Bxd6 Bxg2+ 37. Kg1 Qf3 38. Qe7+ 1-0

[Event "Morso"]
[Site "Morso"]
[Date "2002.02.10"]
[Round "2"]
[White "Navara, David"]
[Black "Pedersen, Steffen"]
[Result "1-0"]
[WhiteElo "2531"]
[BlackElo "2440"]
[Annotator "Ftacnik,L"]
[PlyCount "45"]
[EventDate "2002.02.09"]
[EventType "tourn"]
[EventRounds "9"]
[EventCountry "DEN"]
[EventCategory "10"]
[SourceTitle "CBM 088"]
[Source "ChessBase"]
[SourceDate "2002.03.21"]
[SourceVersion "1"]
[SourceVersionDate "2002.03.21"]
[SourceQuality "1"]

1. e4 c5 2. Nf3 d6 3. d4 cxd4 4. Nxd4 Nf6 5. Nc3 a6 6. Be2 e6 7. a4 Nc6 8. O-O
Be7 9. Be3 O-O 10. f4 Qc7 11. Kh1 Re8 12. Bf3 Bf8 13. Qd2 Na5 14. b3 $5 $146 {
[%mdl 8] Brave novelty in a well known position, this move was cosidered
dubious on the base of the flawed analyses.} (14. Qf2 Nc4 15. Bc1 e5 16. Nde2
d5 17. fxe5 Nxe5 18. Bf4 dxe4 19. Nxe4 Nd5 20. Bg3 Qe7 (20... Qb6 21. Nd4 Nxf3
22. Qxf3 Qg6 23. Nf2 Nb4 24. c3 Nc6 25. Rad1 Bd7 26. Ne2 Ne5 27. Qxb7 Bxa4 {
0-1 Stefansson,H-Ehlvest,J/Elista 1998/ (40)}) 21. Rad1 Nxf3 22. gxf3 Nf6 23.
N2c3 Nxe4 24. fxe4 Bh3 25. Rfe1 Rac8 {0-1 Sutovsky,E-Kasparov,G/Tel Aviv 1998/
(53)}) 14... d5 15. e5 Nd7 (15... Bb4 16. Nde2 (16. Ncb5 Bxd2 (16... axb5 17.
Qxb4 Ne4 18. axb5 $18) 17. Nxc7 Bxe3 18. exf6 Bxd4 19. Rad1 $16) 16... Ne4 17.
Nxd5 exd5 (17... Nxd2 18. Nxc7 Nxf1 19. Rxf1 $18) 18. Qxb4 $16) 16. Nce2 f6 $2
{Black is too vulnerable with his uncoordinated pieces, now the game will be
over in a few moves.} (16... Bc5 17. Rfd1 b6 18. Qc3 Ra7 19. b4 Bxd4 20. Qxd4
Nc4 21. a5 $14) 17. Nxe6 $1 Rxe6 18. Bxd5 Nc5 (18... Nxe5 19. Nd4 $18) 19. f5
Qxe5 (19... fxe5 20. Bxc5 Bxc5 21. b4 $18) 20. Bxc5 Bxc5 21. fxe6 Nc6 (21...
Bxe6 22. Bxe6+ Qxe6 23. Qxa5 $18) 22. e7+ Be6 (22... Kh8 23. Bxc6 $18) 23. Bxc6
(23. Bxc6 bxc6 24. Qd8+ $18) 1-0

[Event "EU-chT (Men) 13th"]
[Site "Leon"]
[Date "2001.11.13"]
[Round "7.2"]
[White "Smirin, Ilia"]
[Black "Gashimov, Vugar"]
[Result "1-0"]
[WhiteElo "2698"]
[BlackElo "2442"]
[Annotator "Ftacnik,L"]
[PlyCount "89"]
[EventDate "2001.11.06"]
[EventType "team-swiss"]
[EventRounds "9"]
[EventCountry "ESP"]
[SourceTitle "CBM 086"]
[Source "ChessBase"]
[SourceDate "2002.02.05"]
[SourceVersion "1"]
[SourceVersionDate "2002.02.05"]
[SourceQuality "1"]
[WhiteTeam "Israel"]
[BlackTeam "Azerbaijan"]
[WhiteTeamCountry "ISR"]
[BlackTeamCountry "AZE"]

1. e4 c5 2. Nf3 d6 3. d4 cxd4 4. Nxd4 Nf6 5. Nc3 a6 6. Be3 Ng4 7. Bc1 Nf6 8.
Be2 e6 9. O-O Be7 10. f4 O-O 11. a4 Nc6 12. Be3 Qc7 13. Kh1 Re8 14. Bd3 Nxd4
15. Bxd4 e5 16. Be3 exf4 17. Rxf4 Be6 18. Nd5 Bxd5 19. exd5 g6 20. Qf3 Nd7 21.
Bd4 Rf8 22. Rf1 Ne5 {[%mdl 4] New move in a very difficult line for black,
this way he can at least hope to survive opposite coloured bishops ending.} (
22... f6 23. Qh3 (23. Rh4 f5 24. Rxh7 Kxh7 25. Bxf5 Rxf5 26. Qh3+ Kg8 27. Qh8+
Kf7 28. Qh7+ Ke8 29. Qxg6+ Kd8 30. Rxf5 {1-0 Smagin,S-Savon,V/Odessa 1989/ (34)
}) 23... Ne5 24. Rh4 Qc8 25. Bf5 {1-0 Veroci,Z-Antic,D/Belgrade 1988/ (23)}) (
22... f5 23. Bxf5 gxf5 24. Qg4+ {1-0 Kuporosov,V-Badea,B/Wattens 1994/ (22)})
23. Bxe5 dxe5 24. Rxf7 Qd6 (24... Rxf7 25. Qxf7+ Kh8 26. Bxg6 hxg6 27. Rf3 Qd8
28. Qxg6 $18) 25. a5 Rad8 (25... Rxf7 26. Qxf7+ Kh8 27. Qe6 $16) 26. Be4 b6 (
26... Qc5 27. c3 Qxa5 28. d6 $1 Bxd6 29. Bd5 $18) 27. axb6 Qxb6 28. h4 $1 {
White finds a way to put more pressure against the kingside.} Kh8 (28... Qxb2
$2 29. d6 Bxd6 30. Qf6 Rxf7 31. Qxf7+ Kh8 32. Qf6+ Kg8 33. Bd5#) 29. Qg3 Rxf7 (
29... Qxb2 30. Rxh7+ $1 $18) 30. Rxf7 Qd6 31. h5 Rf8 (31... Kg8 32. hxg6 h6 33.
c4 $18) 32. Rxf8+ Bxf8 33. hxg6 Qf6 $2 {Strange decision, as black will now
easily lose any endgame.} (33... hxg6 $5 34. c4 Qf6 35. Bxg6 Qf1+ 36. Kh2 Qf4
$16) 34. gxh7 $1 Qh6+ (34... Qf1+ 35. Kh2 Qf4 36. Qxf4 exf4 37. Kh3 $18) 35.
Kg1 Qc1+ 36. Kf2 Qd2+ 37. Kf1 Qd1+ 38. Qe1 Qh5 (38... Qxe1+ 39. Kxe1 $18) 39.
Qe3 Qd1+ 40. Qe1 Qh5 41. g3 Qh3+ (41... Bc5 42. Kg2 $18) 42. Ke2 Qd7 43. Qf2
Bg7 44. Qf5 Qb5+ 45. Bd3 1-0

[Event "GER CupT 3rd place"]
[Site "Erfurt"]
[Date "2004.03.21"]
[Round "2.2"]
[White "Sebastian, Dirk"]
[Black "Enders, Peter"]
[Result "1-0"]
[WhiteElo "2378"]
[BlackElo "2478"]
[Annotator "Ftacnik,L"]
[PlyCount "69"]
[EventDate "2004.03.20"]
[EventType "team"]
[EventRounds "2"]
[EventCountry "GER"]
[SourceTitle "CBM 100"]
[Source "ChessBase"]
[SourceDate "2004.06.01"]
[SourceVersion "1"]
[SourceVersionDate "2004.06.01"]
[SourceQuality "1"]
[WhiteTeam "Hamburger SK"]
[BlackTeam "Erfurt"]
[WhiteTeamCountry "GER"]
[BlackTeamCountry "GER"]

1. e4 c5 2. Nc3 Nc6 3. Nf3 d6 4. d4 cxd4 5. Nxd4 Nf6 6. Be2 e6 7. O-O Be7 8.
Be3 O-O 9. f4 a6 10. Qe1 Nxd4 11. Bxd4 b5 12. Bf3 Bb7 13. Rd1 Qc7 14. e5 dxe5
15. fxe5 Nd7 16. Bxb7 Qxb7 17. Ne4 Rad8 18. Qe3 {It is not easy for white to
get anywhere with his attack, since black is well developed and e5 pawn
potentially weak.} (18. Rd3 Qc6 (18... Qc7 19. Rc3 Qb8 20. Nf6+ Nxf6 21. exf6
Bxf6 22. Bxf6 gxf6 23. Qh4 Qe5 24. Qh6 Kh8 25. Rh3 Qc5+ 26. Kh1 Qf5 {0-1
Martin Gonzalez,A-Anastasian,A/Linares 1996/ (62)}) 19. Rg3 (19. Qe3 f5 20.
exf6 Nxf6 21. Ng5 (21. Bxf6 Rxd3 22. Qxd3 Bxf6 23. c3 Qb6+ 24. Kh1 Be7 25.
Rxf8+ Kxf8 26. g3 {1/2-1/2 Velimirovic,D-Cabrilo,G/Niksic 1997/ (42)}) 21...
Rd6 22. Bxf6 Bxf6 23. Rxd6 Qxd6 24. Ne4 Qd5 25. Nxf6+ Rxf6 26. Rxf6 gxf6 27.
Qg3+ Kf7 28. Qc7+ Kg6 29. Qg3+ {1/2-1/2 Bouaziz,S-Gligoric,S/Buenos Aires 1978/
(29)}) 19... Qxc2 20. Qe3 Qc4 21. b3 Qd5 22. Nf6+ Bxf6 23. exf6 g6 24. Rg4 Kh8
25. Bb6 Rc8 26. Qh6 Rg8 27. Rd4 Nxb6 28. Rxd5 Nxd5 29. Rf3 Rc3 30. Rxc3 Nxc3
31. Qe3 {1-0 Tal,M-Andersson,U/Stockholm 1976/ (34)}) 18... Kh8 (18... Qc6 19.
c3 a5 (19... f5 20. exf6 Nxf6 21. Ng5 $16) 20. Nf6+ Kh8 21. Nh5 $14) 19. Ng5
Kg8 (19... Bxg5 20. Qxg5 Qc7 21. Qe7 Rde8 22. Qd6 Qxd6 23. exd6 e5 24. Be3 f5
25. Bg5 Rf7 26. Kf2 h6 27. Be7 g5 $11) 20. c3 Qc6 21. Qf4 Nb8 {With timely 21..
.f6!? black could probably have fully equalized.} (21... f6 $5 22. exf6 Bxf6
23. Qg4 Rde8 $11) 22. Qg4 (22. Ne4 Qc4 23. b3 Qc7 24. Qe3 $14) 22... Bxg5 (
22... Qc7 23. Qh5 Bxg5 24. Qxg5 $36) 23. Qxg5 Rd5 24. Rd3 f5 (24... f6 25. Qh4
Nd7 26. Rh3 h6 27. Rg3 Nxe5 28. Qxh6 $16) 25. g4 fxg4 (25... Nd7 $6 26. gxf5
Nxe5 27. Re3 Ng6 28. Qg2 Rfxf5 29. Rxf5 exf5 30. Re7 Kf8 31. Rxg7 Qe6 32. Rxh7
$16) 26. Rxf8+ Kxf8 27. Qxg4 Kg8 (27... Rd7 28. Qh5 $1 g6 29. Rf3+ Ke8 30. Qg4
$14) 28. Rf3 Rd7 29. b4 Qc4 $2 {Enders tries to show activity in the moment,
when his knight is misplaced and white piece ready to attack.} (29... Rf7 30.
Rxf7 Kxf7 31. Bc5 Qc8 32. c4 $14) 30. Qh5 (30. Qf4 $1 Qc8 (30... h6 31. Qf8+
Kh7 32. Qxb8 $18) 31. Bc5 Rd8 32. Qf7+ Kh8 33. Bf8 $18) 30... Qc8 (30... g6 31.
Qh4 Nc6 32. Qf4 h5 33. Qf8+ Kh7 34. Rf7+ Rxf7 35. Qxf7+ Kh8 36. Qxg6 $16) 31.
Bc5 Rd1+ (31... Rd8 32. Qf7+ Kh8 33. Bf8 $18) 32. Kg2 Rd2+ 33. Kg3 Nd7 34. Qf7+
Kh8 35. Bf8 $1 1-0

[Event "Interzonal-15"]
[Site "Manila"]
[Date "1990.??.??"]
[Round "3"]
[White "Dolmatov, Sergey"]
[Black "Ftacnik, Lubomir"]
[Result "1-0"]
[WhiteElo "2615"]
[BlackElo "2550"]
[Annotator "Ftacnik,L"]
[PlyCount "79"]
[EventDate "1990.06.29"]
[EventType "swiss"]
[EventRounds "13"]
[EventCountry "PHI"]
[SourceTitle "CBM 019"]
[Source "ChessBase"]
[SourceDate "1990.12.01"]
[SourceVersion "1"]
[SourceVersionDate "1990.12.01"]
[SourceQuality "1"]

1. e4 c5 2. Nf3 d6 3. d4 cxd4 4. Nxd4 Nf6 5. Nc3 a6 6. Be2 e6 7. a4 Nc6 8. Be3
Be7 9. O-O O-O 10. f4 Qc7 11. Kh1 Re8 12. Bf3 Rb8 13. Qe1 e5 14. Nde2 $5 (14.
Nb3) 14... exf4 15. Nxf4 Be6 16. Be2 Ne5 17. a5 Qc6 (17... Nc4 $5 18. Nxe6 fxe6
19. Bxc4 Qxc4 20. Ra4 $14) 18. Ra4 Bd8 (18... Nc4 $2 19. Nxe6 Nxe3 20. Nd4 $16)
19. Qa1 $1 Bc4 20. Bg1 Rc8 (20... Nxe4 $2 21. Nxe4 Qxe4 22. b3 $18) 21. Nd3 Be6
(21... Bb5 $5 22. Rb4 $5) 22. Nb4 (22. Rd1 $6 Nxd3 23. cxd3 Bb3) 22... Qd7 23.
Rd1 Bg4 24. Bxg4 Qxg4 25. Nbd5 Qh5 26. Qc1 $6 (26. Nxf6+ $5 Bxf6 27. Rxd6 Nc4 (
27... Ng4 28. Qd1 Be5 29. Rd5 $14) 28. Rxf6 $5 gxf6 29. Nd5 $44) 26... Nc4 27.
Rd4 Nxd5 (27... Nxa5 $2 28. Nxf6+ Bxf6 29. Rd5 $18) 28. Rxd5 Re5 29. Rd4 Nxa5
30. Rxd6 Nc6 31. Qd2 $14 Ba5 32. b4 $1 $8 Bc7 (32... Nxb4 $2 33. Rxa5 $18) (
32... Bxb4 33. Rxc6 $18) 33. Rd7 Re7 $2 (33... Qg4 $5 $13) 34. Rxe7 Nxe7 35.
Qd7 $18 Qe5 36. Nd5 Rd8 37. Qxc7 (37. Qxe7 $2 Rxd5 $10) (37. Nxe7+ $2 Kf8 $10)
37... Rxd5 38. Qxb7 Rd8 39. Rxa6 h6 40. Ra5 $138 1-0

[Event "EU-ch 6th"]
[Site "Warsaw"]
[Date "2005.06.21"]
[Round "4"]
[White "Petrosian, Tigran L"]
[Black "Brkic, Ante"]
[Result "1/2-1/2"]
[WhiteElo "2599"]
[BlackElo "2477"]
[Annotator "Ftacnik,L"]
[PlyCount "67"]
[EventDate "2005.06.18"]
[EventType "swiss"]
[EventRounds "13"]
[EventCountry "POL"]
[SourceTitle "CBM 108"]
[Source "ChessBase"]
[SourceDate "2005.09.26"]
[SourceVersion "1"]
[SourceVersionDate "2005.09.26"]
[SourceQuality "1"]

1. e4 c5 2. Nf3 d6 3. d4 cxd4 4. Nxd4 Nf6 5. Nc3 a6 6. f4 e6 7. Be2 Be7 8. O-O
Qc7 9. a4 O-O 10. Be3 Nc6 11. Kh1 Re8 12. a5 Nxa5 13. e5 dxe5 14. fxe5 Qxe5 15.
Bf4 Qc5 16. Na4 Qa7 17. Be3 Rd8 18. Bd3 {The opening theory develops in a
mysterious ways, nowadays nobody is surprized by the unexpected move 12.a5
unleashing great complications.} (18. Nf5 exf5 19. Bxa7 Rxd1 20. Rfxd1 Rxa7 21.
Nb6 Be6 22. Rxa5 Ne4 23. Kg1 g6 24. Kf1 Bb4 25. Ra4 Bc5 {1/2-1/2 Smirin,
I-Hansen,C/Istanbul 2000/ (29)}) 18... b6 19. b4 e5 20. bxa5 exd4 21. axb6 {
The first independent move, but Brkic will be able to coordinate his pieces
well. On the other hand white knight on a4 would clearly deserve a better
destiny.} (21. Bg5 bxa5 22. Bxf6 Bxf6 23. Rxf6 gxf6 24. Qh5 Kf8 25. Nc5 Be6 26.
Ne4 f5 27. Ng5 Rd5 {1/2-1/2 Carlsson,P-Javakhishvili,L/Campillos 2005/ (35)})
21... Qd7 22. Bg5 Qd5 (22... Bb7 $5 23. Kg1 (23. Bxf6 Qh3 24. Rf2 (24. Qd2 Bd6
$19) 24... Bxf6 25. Nc5 Be5 26. Qg1 Bd5 $17) 23... Qd5 24. Qf3 Rac8 $17) 23.
Qd2 (23. Qf3 Qxf3 24. gxf3 Rb8 $17) 23... Bb7 24. Rf5 Qc6 25. Raf1 Rd5 {
Black must be careful to eliminate part of the pressure white pieces are
exerting on the kingside.} (25... Qxa4 $2 26. Bxf6 Bxf6 (26... gxf6 27. Qh6 $18
) 27. Rxf6 gxf6 28. Qh6 $18) 26. Bxf6 (26. Rxd5 Nxd5 27. Bxe7 Nxe7 28. Qf2 Rf8
29. Nb2 Nd5 $17) 26... Rxf5 (26... Bxf6 27. Rxd5 Qxd5 28. Rf5 Qc6 29. Nc5) 27.
Rxf5 Bxf6 28. Nc5 Re8 (28... Qxb6 29. Nd7 Qc6 30. Nxf6+ gxf6 31. Rf4 $15) 29.
Nxb7 Qxb7 30. Qa5 Re6 $6 {This meak move leads only to a drawish ending while
30...Bd8 would require a hard work from white.} (30... Bd8 31. Qxa6 (31. Qa4
Re6 32. Qxd4 Bxb6 $17) 31... Qxa6 32. Bxa6 Bxb6 $15) 31. Qxa6 Qxa6 32. Bxa6
Rxb6 33. Rb5 $1 Rxb5 (33... Rxa6 $2 34. Rb8+ $18) 34. Bxb5 1/2-1/2

[Event "EU-ch 6th"]
[Site "Warsaw"]
[Date "2005.06.25"]
[Round "7"]
[White "Iordachescu, Viorel"]
[Black "Smeets, Jan"]
[Result "1-0"]
[WhiteElo "2609"]
[BlackElo "2518"]
[Annotator "Ftacnik,L"]
[PlyCount "49"]
[EventDate "2005.06.18"]
[EventType "swiss"]
[EventRounds "13"]
[EventCountry "POL"]
[SourceTitle "CBM 108"]
[Source "ChessBase"]
[SourceDate "2005.09.26"]
[SourceVersion "1"]
[SourceVersionDate "2005.09.26"]
[SourceQuality "1"]

1. e4 c5 2. Nf3 d6 3. d4 cxd4 4. Nxd4 Nf6 5. Nc3 a6 6. Be3 e6 7. Be2 Be7 8. a4
Nc6 9. O-O O-O 10. f4 Qc7 11. Kh1 Re8 12. Bd3 Nxd4 {Wells: I am a bit
suspicious about this here. A familiar enough 'freeing manouevre' in this line,
but 12 Bd3 looks like a move which White would want in this case, and
therefore perhaps a cue for Black to adopt a different approach. Certainly,
White's score after the text move is awesome indeed.} 13. Bxd4 e5 14. Bg1 exf4
15. Rxf4 d5 $6 {If black wants to dare this opening of the centger for the
pieces, he must be aware of the dangers. It seems, that the whole line is
unplayable for the second player.} 16. Qf3 Be6 (16... dxe4 17. Nxe4 Be6 18.
Nxf6+ Bxf6 19. Rxf6 gxf6 20. Qxf6 Qe7 21. Qh6 f5 22. Re1 Qf7 23. Re3 f4 24. Re5
Rad8 25. Bxh7+ {1-0 Maciejewski,A-Bashkov,V/Katowice 1993/EXT 98 (25)}) 17.
exd5 (17. Rf1 dxe4 18. Nxe4 Nxe4 19. Rxe4 Qc6 20. Bd4 Rad8 21. Qg3 Bf8 22. Rh4
f5 23. Qg5 h6 24. Rxh6 Rxd4 25. Bxf5 Qc5 26. Bxe6+ {1-0 Zhelnin,V-Vaulin,A/
Prague 1990/ (26)}) 17... Nxd5 18. Nxd5 Bxd5 19. Qh5 $1 {[%mdl 4] The key move,
that weakens black's kingside pawn shelter.} (19. Qh3 g6 20. Raf1 Rad8 $11)
19... g6 (19... h6 20. Rg4 Bg5 21. Rxg5 hxg5 22. Qh7+ Kf8 23. b4 Bxg2+ 24. Kxg2
Qc6+ 25. Kg3 Qd6+ 26. Kh3 $16) (19... Qxf4 $4 20. Qxh7+ Kf8 21. Qh8#) 20. Qxd5
Qxf4 21. Rf1 Qd6 (21... Qxa4 22. Qxf7+ Kh8 23. Re1 Qd7 (23... Bf8 24. Rxe8 Rxe8
25. b3 $18) 24. Re4 $18) 22. Qxf7+ Kh8 23. Re1 $1 {The game is over before it
even started, since black can not cope both with pin along the e file and and
mating threats luring along the a1-h8 diagonal.} Rad8 (23... Qf6 24. Rxe7 Qxf7
25. Rxf7 Re1 26. Rxb7 Rd8 27. h3 {1-0 German,P-Roca,A/Buenos Aires 1994/ (27)})
24. Re6 (24. Re4 Rf8 25. Qxe7 Qxe7 26. Rxe7 $18) 24... Qd7 25. h3 1-0

[Event "FRA-ch Pool B"]
[Site "Marseille"]
[Date "2001.08.14"]
[Round "2"]
[White "Nataf, Igor Alexandre"]
[Black "Relange, Eloi"]
[Result "1-0"]
[WhiteElo "2527"]
[BlackElo "2472"]
[Annotator "Ftacnik,L"]
[PlyCount "102"]
[EventDate "2001.08.13"]
[EventType "tourn"]
[EventRounds "7"]
[EventCountry "FRA"]
[EventCategory "13"]
[SourceTitle "CBM 085"]
[Source "ChessBase"]
[SourceDate "2001.11.13"]
[SourceVersion "1"]
[SourceVersionDate "2001.11.13"]
[SourceQuality "1"]

1. e4 c5 2. Nf3 d6 3. d4 cxd4 4. Nxd4 Nf6 5. Nc3 e6 6. Be2 a6 7. O-O Be7 8. f4
Qc7 9. Be3 Nc6 10. a4 O-O 11. Kh1 Re8 12. Bf3 Bf8 13. g4 Nxd4 14. Bxd4 e5 15.
Bg1 exf4 16. g5 Nd7 17. Nd5 Qc6 18. Ra3 Re5 $6 {[%mdl 4] This sharp line is
probably rather playable for black, but he has to trade very carefully. The
last move promises white some advantage.} (18... Nc5 $5 19. Rc3 (19. e5 Bd7 $1
20. Bxc5 dxc5 21. Nf6+ (21. Rd3 Rad8 22. Nf6+ gxf6 23. Bxc6 Bxc6+ 24. Kg1 Rxd3
25. cxd3 fxe5 26. a5 c4 $15) 21... gxf6 22. Bxc6 Bxc6+ 23. Kg1 fxe5 $44) (19.
b4 Nxa4 20. Rxa4 Qxa4 21. Nb6 Qc6 (21... Qxb4 22. Nxa8 Bh3 23. Nc7 Qc4 24. Nxe8
Qxf1 25. Qxf1 Bxf1 26. h4 $16) 22. e5 (22. Nxa8 Bh3 23. e5 Qc4 24. Be2 Qxb4 25.
Nc7 Rxe5 $19) 22... Qc3 23. Nxa8 dxe5 $13) 19... Bh3 20. Re1 Qxa4 21. Nc7 Rad8
22. Nxe8 Rxe8 $13) 19. Rc3 Qxa4 (19... Nc5 20. b4 Bh3 21. Re1 $16) 20. Nc7 Rb8
21. Ba7 Rxg5 (21... b5 22. Bxb8 Nxb8 23. Nd5 Bh3 24. Rg1 $14) 22. Ne6 (22. Bxb8
Nxb8 23. Nxa6 Nc6 24. Nc7 Bh3 $13) 22... fxe6 (22... Rc5 23. Nxc5 dxc5 24. Bxb8
Nxb8 25. Qd8 $16) 23. Bxb8 Rc5 (23... Nxb8 24. Rxc8 Nd7 25. Qxd6 $18) 24. Rxc5
dxc5 (24... Nxc5 25. Bxd6 $16) 25. Bxf4 Qd4 (25... b6 26. Bg2 Bb7 27. Qg4 Qc6
28. e5 $14) 26. Qxd4 cxd4 27. e5 $1 a5 (27... b6 28. Rd1 Bc5 29. Kg2 $14) 28.
Kg2 Bc5 29. Rd1 Nf8 $2 {The knight is misplaced to the wrong square, with best
play black was probably able to hold the position.} (29... b6 30. Bg3 g5 31.
Kh3 (31. Bf2 Nxe5 32. Bxd4 Bxd4 33. Rxd4 Kf7 $13) 31... h6 32. Bg4 Kf7 33. Rf1+
Ke7 34. Bh5 d3 35. cxd3 Bd4 36. Rf7+ Kd8 37. b3 Nxe5 $13) 30. Bg3 Kf7 (30...
Ng6 31. c3 $16) 31. Bf2 Nd7 32. Bxd4 Bxd4 (32... b6 33. c3 $16) 33. Rxd4 Nxe5
34. Rd8 Bd7 35. Bxb7 Ke7 36. Rg8 g6 (36... Kf7 37. Ra8 a4 38. Be4 $16) 37. Be4
a4 38. b3 $1 {The technical part is played by Nataf with pleasure, he avoids
counterplay with Nc4 ideas.} Kd6 (38... a3 $2 39. Ra8 $18) 39. Kg3 Nf7 40. bxa4
Bxa4 41. Rg7 Ng5 42. Bd3 Ke5 43. h4 Ne4+ (43... Kf6 $2 44. Ra7 $18) 44. Bxe4
Kxe4 45. c3 Kd3 46. Rxh7 Kxc3 47. Re7 Bb3 48. Kf4 Kd4 49. Kg5 e5 50. Kxg6 Bc2+
(50... e4 51. h5 e3 52. h6 Bc2+ 53. Kg5 Bd3 54. Kf4 e2 55. Rxe2 $18) 51. Kg5
Kd5 1-0

[Event "Olympiad-36"]
[Site "Mallorca"]
[Date "2004.10.27"]
[Round "12"]
[White "Paragua, Mark"]
[Black "Goh, Koon Jong Jason"]
[Result "1-0"]
[WhiteElo "2534"]
[BlackElo "2419"]
[Annotator "Ftacnik,L"]
[PlyCount "53"]
[EventDate "2004.10.15"]
[EventType "team-swiss"]
[EventRounds "14"]
[EventCountry "ESP"]
[SourceTitle "CBM 104"]
[Source "ChessBase"]
[SourceDate "2005.01.27"]
[SourceVersion "1"]
[SourceVersionDate "2005.01.27"]
[SourceQuality "1"]
[WhiteTeam "Philippines"]
[BlackTeam "Singapore"]
[WhiteTeamCountry "PHI"]
[BlackTeamCountry "SIN"]

1. e4 c5 2. Nf3 d6 3. d4 cxd4 4. Nxd4 Nf6 5. Nc3 a6 6. Be2 e6 7. O-O Qc7 8. a4
Be7 9. Be3 O-O 10. f4 Nc6 11. Kh1 Re8 12. a5 Nxa5 13. e5 Nd5 $6 14. Nxe6 $1 {
This excellent shot makes the 12.a5 idea rather dangerous for Black.} Bxe6 (
14... fxe6 15. Nxd5 exd5 16. Qxd5+ Kh8 17. Qxa5 Qxc2 18. Bf3 $14) 15. Nxd5 Bxd5
16. Qxd5 Nc6 17. Bc4 Rf8 18. e6 fxe6 19. Qxe6+ Kh8 20. Bd3 Nb4 $2 {[%mdl 128]
The line is clearly favourable for White, but this first independent move
probably loses outright.} (20... d5 21. Qh3 h6 22. Bd2 Rf6 23. Rae1 Bd6 24. g4
Qd7 25. Qh4 Re6 26. g5 Bf8 27. Rxe6 Qxe6 28. f5 Qd7 29. gxh6 gxh6 30. Rg1 {
1-0 Kuzmin,G-Dydyshko,V/Swidnica 1997/ (32)}) (20... Rf6 21. Qe4 Rh6 22. g4 (
22. c3 Bf6 23. Qd5 $16) 22... d5 23. Qxd5 Nb4 24. Qe4 Nxd3 25. cxd3 Qd7 26. f5
Rc6 27. Rac1 Bf6 {1/2-1/2 Dencsi,T-Varga,P/Hungary 2003/ (42)}) 21. Bxh7 $1
Kxh7 (21... Rf6 22. Qb3 Kxh7 23. Qxb4 Qxc2 24. Qxb7 $18) 22. Rf3 g5 (22... Bg5
23. fxg5 Rxf3 24. g6+ Kh8 25. Qg4 Rf6 26. Qh5+ Kg8 27. Qh7+ Kf8 28. Qh8+ Ke7
29. Qxg7+ $18) (22... g6 23. f5 Rxf5 24. Rxf5 $18) 23. Bd4 {White is already
spoiled for choice of the best continuation.} (23. Bb6 $1 Qxb6 24. Rh3+ Kg7 25.
Qxe7+ Rf7 26. Qxg5+ Kf8 27. Rh8#) 23... Rxf4 (23... Rf6 24. Bxf6 Bxf6 25. Qxf6
$18) 24. Rh3+ Rh4 25. Qf7+ Kh6 26. Bg7+ Kh7 27. Bf8+ 1-0